500 Most Popular Women's Names in Finland - Statistics

General Stats
  • This quiz has been taken 99 times
  • The average score is 121 of 500
Answer Stats
First name % Correct
Anna
83%
Mari
83%
Saara
79%
Sara
79%
Maria
74%
Mariia
74%
Sofia
67%
Anni
66%
Emma
66%
Liisa
66%
Lisa
66%
Ella
64%
Hanna
64%
Olivia
63%
Jenni
60%
Jenny
60%
Emilia
59%
Laura
57%
Leena
57%
Lena
57%
Ida
56%
Iida
56%
Aino
54%
Anne
54%
Julia
54%
Juulia
54%
Elsa
53%
Tiina
53%
Eliisa
50%
Elisa
50%
Elli
50%
Helen
50%
Katri
50%
Liina
50%
Aada
49%
Ada
49%
Elin
49%
Heidi
47%
Lotta
47%
Marja
47%
Noora
47%
Nora
47%
Veera
47%
Vera
47%
Eeva
46%
Erika
46%
Eva
46%
Johanna
46%
Mona
46%
Moona
46%
Niina
46%
Nina
46%
Paula
46%
Sanna
46%
Heleena
44%
Helena
44%
Jaana
44%
Kaisa
44%
Milla
44%
Sanni
44%
Minna
43%
Oona
43%
Aliina
41%
Alina
41%
Elisabet
41%
Elisabeth
41%
Elizabeth
41%
Emmi
41%
Helmi
41%
Iiris
41%
Iris
41%
Maija
41%
Martta
41%
Mia
41%
Miia
41%
Vilma
41%
Wilma
41%
Amanda
40%
Carolina
40%
Karin
40%
Karoliina
40%
Karolina
40%
Nea
40%
Neea
40%
Sari
40%
Siiri
40%
Tarja
40%
Elina
39%
Enni
39%
Iina
39%
Katariina
39%
Katarina
39%
Linda
39%
Miina
39%
Tanja
39%
Venla
39%
Carina
37%
Christina
37%
Erica
37%
Kristiina
37%
Kristina
37%
Riikka
37%
Ronja
37%
Sonja
37%
Susan
37%
Aleksandra
36%
Alexandra
36%
Jenna
36%
Jessica
36%
Katriina
36%
Nella
36%
Nelli
36%
Aliisa
34%
Alisa
34%
Annika
34%
Ava
34%
Elsi
34%
Essi
34%
Helga
34%
Heli
34%
Helka
34%
Katja
34%
Lydia
34%
Lyydia
34%
Meri
34%
Mira
34%
Päivi
34%
Riina
34%
Roosa
34%
Rosa
34%
Janna
33%
Lea
33%
Leea
33%
Marie
33%
Minja
33%
Pauliina
33%
Susanna
33%
Tuuli
33%
Ulla
33%
Victoria
33%
Viivi
33%
Viktoria
33%
Elle
31%
Fiona
31%
Jasmin
31%
Kati
31%
Kiira
31%
Olga
31%
Pia
31%
Piia
31%
Saana
31%
Taina
31%
Amelia
30%
Fanni
30%
Fanny
30%
Ilona
30%
Isabel
30%
Kerttu
30%
Kia
30%
Kiia
30%
Laila
30%
Senja
30%
Alli
29%
Alma
29%
Anniina
29%
Annina
29%
Daniela
29%
Ellen
29%
Eveliina
29%
Evelina
29%
Hanne
29%
Isabella
29%
Jonna
29%
Netta
29%
Tia
29%
Vanessa
29%
Eerika
27%
Elena
27%
Hilla
27%
Janina
27%
Josefiina
27%
Josefina
27%
Lilja
27%
Linnea
27%
Maaret
27%
Maarit
27%
Matilda
27%
Minea
27%
Pinja
27%
Anneli
26%
Anu
26%
Henna
26%
Inka
26%
Isla
26%
Joanna
26%
Leila
26%
Lilli
26%
Lumi
26%
Maisa
26%
Mervi
26%
Ninni
26%
Silja
26%
Sini
26%
Suvi
26%
Anita
24%
Anitta
24%
Birgit
24%
Camilla
24%
Diana
24%
Enna
24%
Miisa
24%
Mila
24%
Natalia
24%
Saija
24%
Satu
24%
Seela
24%
Sylvi
24%
Veronica
24%
Viola
24%
Hilma
23%
Irma
23%
Meeri
23%
Merja
23%
Milja
23%
Mirja
23%
Monica
23%
Monika
23%
Peppi
23%
Pirjo
23%
Raisa
23%
Salla
23%
Seija
23%
Senni
23%
Stella
23%
Aili
21%
Anja
21%
Eevi
21%
Irina
21%
Jasmiina
21%
Kaarina
21%
Kaija
21%
Melissa
21%
Petra
21%
Reetta
21%
Charlotte
20%
Elvi
20%
Erin
20%
Erja
20%
Hannele
20%
Hertta
20%
Hilda
20%
Kirsi
20%
Maiju
20%
Marianne
20%
Marina
20%
Mette
20%
Pihla
20%
Raija
20%
Riitta
20%
Saaga
20%
Saga
20%
Soile
20%
Sylvia
20%
Taru
20%
Terhi
20%
Aava
19%
Alice
19%
Cecilia
19%
Eila
19%
Elise
19%
Frida
19%
Iisa
19%
Irmeli
19%
Jutta
19%
Marika
19%
Melina
19%
Mikaela
19%
Mirjam
19%
Rebecca
19%
Rebekka
19%
Sirpa
19%
Tiia
19%
Aila
17%
Amalia
17%
Arja
17%
Carita
17%
Eija
17%
Inna
17%
Irene
17%
Jemina
17%
Karita
17%
Krista
17%
Loviisa
17%
Lovisa
17%
Maila
17%
Margareta
17%
Margaretha
17%
Marjatta
17%
Marjo
17%
Mea
17%
Mirka
17%
Patricia
17%
Sandra
17%
Selma
17%
Sinikka
17%
Tuija
17%
Tuulia
17%
Vivian
17%
Aini
16%
Auli
16%
Aura
16%
Birgitta
16%
Edith
16%
Greta
16%
Helinä
16%
Iines
16%
Inkeri
16%
Lilia
16%
Marjut
16%
Päivikki
16%
Pilvi
16%
Rita
16%
Saila
16%
Saimi
16%
Sirkka
16%
Stina
16%
Taika
16%
Teija
16%
Ursula
16%
Virpi
16%
Adele
14%
Amelie
14%
Anna-Liisa
14%
Annikki
14%
Annukka
14%
Aurora
14%
Christine
14%
Elea
14%
Ester
14%
Henrietta
14%
Henriikka
14%
Hilja
14%
Hilkka
14%
Irja
14%
Jade
14%
Janita
14%
Kirsti
14%
Livia
14%
Luna
14%
Margit
14%
Marianna
14%
Minttu
14%
Pirkko
14%
Ritva
14%
Tea
14%
Teresa
14%
Tilda
14%
Tuire
14%
Tyyne
14%
Vilhelmiina
14%
Wilhelmiina
14%
Wilhelmina
14%
Aija
13%
Astrid
13%
Elviira
13%
Elvira
13%
Harriet
13%
Heini
13%
Marja-Liisa
13%
Marleena
13%
Martina
13%
Mimosa
13%
Mirjami
13%
Orvokki
13%
Sofie
13%
Vanamo
13%
Vieno
13%
Vilja
13%
Alva
11%
Anette
11%
Annette
11%
Charlotta
11%
Helmiina
11%
Ingrid
11%
Janette
11%
Justiina
11%
Kaisla
11%
Lilian
11%
Louise
11%
Marjaana
11%
Neela
11%
Outi
11%
Raili
11%
Reeta
11%
Reija
11%
Saima
11%
Susanne
11%
Taija
11%
Tellervo
11%
Tuula
11%
Tytti
11%
Ulrika
11%
Anastasia
10%
Anna-Kaisa
10%
Asta
10%
Carola
10%
Elma
10%
Else
10%
Esteri
10%
Heta
10%
Inga
10%
Janika
10%
Lyyli
10%
Maire
10%
Marja-Leena
10%
Matleena
10%
Oili
10%
Soili
10%
Terttu
10%
Armi
9%
Aune
9%
Heljä
9%
Helvi
9%
Iita
9%
Ira
9%
Jasmine
9%
Lahja
9%
Maaria
9%
Marketta
9%
Mirella
9%
Mirva
9%
Raakel
9%
Sirkku
9%
Sisko
9%
Virve
9%
Anna-Maija
7%
Eira
7%
Eleonoora
7%
Eleonora
7%
Helene
7%
Kyllikki
7%
Lempi
7%
Marjukka
7%
Onerva
7%
Säde
7%
Salli
7%
Selina
7%
Titta
7%
Tuulikki
7%
Unelma
7%
Aida
6%
Airi
6%
Anne-Mari
6%
Aulikki
6%
Aurelia
6%
Eini
6%
Marita
6%
Maritta
6%
Rauni
6%
Regina
6%
Salme
6%
Sointu
6%
Taimi
6%
Vuokko
6%
Adalmiina
4%
Anna-Maria
4%
Brita
4%
Eine
4%
Eliina
4%
Hellevi
4%
Helli
4%
Hillevi
4%
Kaisu
4%
Kanerva
4%
Piritta
4%
Rauha
4%
Sanelma
4%
Talvikki
4%
Vappu
4%
Eeva-Liisa
3%
Kerstin
3%
Marja-Terttu
3%
Toini
3%
Ulla-Maija
3%
Valpuri
3%
Varpu
3%
Aira
1%
Anelma
1%
Gunilla
1%
Hellin
1%
Inari
1%
Ingeborg
1%
Inger
1%
Maija-Liisa
1%
Pirita
1%
Sirkka-Liisa
1%
Solveig
1%
Annele
0%
Riitta-Liisa
0%
Thi
0%
No matching quizzes found
Score Distribution
Percent of People with Each Score
Percentile by Number Answered
Your Score History
You have not taken this quiz